000 00749nam a2200301Ia 4500
005 20260401122344.0
008 008 250103s9999 xx 000 0 eng d
020 _a9780820488288
037 _aTB
040 _aEDL
040 _beng
040 _cEDL
041 _2eng
041 _aeng
084 _a809.1 TAK
084 _qEDL
100 _aTakeda, Noriko
_91233343
245 0 _aModernist Human: Configuration of Humanness in Stephane Mallarme's Herodiade, T.S. Eliot's Cats, and Modernist Lyrical Poetry
245 0 _cTakeda, Noriko
260 _aNew-York
260 _bPeter Lang
260 _c2008
300 _a166p
942 _cTB
942 _h809.1 TAK
999 _c1846742
_d1846742